000 00802nam a2200265 i 4500
001 000038183
003 DO-SdBNP
005 20250730101940.0
007 ta
008 130320s2001 dr 000 0 spa d
040 _aDO-SdBNP
_bspa
_cBNPHU
_erda
041 _aspa
082 _axxx
_bE77
_222
100 1 _aEspitia, Gonzálo
_eautor
_964555
_4aut.
245 1 0 _aLineamientos para una ley tributaria municipal /
_cGonzálo Espitia.
264 _aSanto Domingo :
_bConsejo Nacional de Reforma del Estado (CONARE),
_c2001.
300 _a48 páginas ;
_c23 cm.
336 _atexto
_btxt
_2rdacontent
337 _asin mediación
_bn
_2rdamedia
338 _avolumen
_bnc
_2rdacarrier
504 _aBibliografía : p. 41
590 _aInventariado, 2025/ YL
910 _aYlockward
942 _2ddc
_cLF2
999 _c37673
_d37673